| 000 | 00769nam a2200181 i 4500 | ||
|---|---|---|---|
| 001 | 109619 | ||
| 003 | ES-MaACL | ||
| 005 | 20230906184857.0 | ||
| 007 | t| | ||
| 008 | 061121s1971 sp r ||||1| spa d | ||
| 111 | 2 |
_aReunión de Amigos de la Ciudad Católica ( _n9ª. _d1970. _cPoblet-Vimbodí, Tarragona) _9169057 |
|
| 245 | 1 | 3 |
_aEl municipio en la organización de la sociedad : _bactas de la IX Reunión de Amigos de la Ciudad Católica, celebrada en las Masías de Poblet y Vimbodí, los días, 6, 7 y 8 de diciembre de 1970 / _cRafael Gambra [y otros]. |
| 260 |
_aMadrid : _bSpeiro, _c1971. |
||
| 300 |
_a200 p. ; _c21 cm. |
||
| 650 | 4 |
_aMunicipios- _vCongresos y asambleas. _9154075 |
|
| 700 | 1 |
_aGambra, Rafael. _953775 |
|
| 852 |
_aES-MaACL _jC-45647 _bR.81046 |
||
| 999 |
_c109619 _d109619 |
||